Регионална библиотека "Любен Каравелов" - Русе

За доходна птицевъдна ферма (Запис номер 444471)

MARC детайли
000 -Лидер
Контролно поле с фиксирана дължина nam a22 a 4500
003 - Код на организацията, давaща контролен номер
Контролно поле BLK
005 - Дата и час на последна редакция
Контролно поле 20220210110746.0
008 - Елементи от данни с фиксирана дължина
fixed length control field 220210b bu |||||r|||| 00| | bu d
040 ## - Източник на каталожния запис
Идентификатор на билиотеката - собственик на записа BLK
041 ## - Код за език
Код за езика на текст/звукозапис или на отделно заглавие Български
Код за езика КДБФ Български
080 ## - УДК
Текстов определител УДК Домашни птици
УДК код - определител по УДК 636.5
УДК - код + определител 635.5
139 ## - Редно поле
Редна дума За доходна птицевъдна ферма
245 ## - Сведения за заглавието
Заглавие За доходна птицевъдна ферма
Подзаглавни данни Сб. от статии
260 ## - Област на издателските данни
9 (RLIN) 209440
Място на издаване, разпространение и проч. София
Име на издателя, разпространителя и проч. Земиздат
Година на издаване 1958
Издателство - префикс ISBN 954-05-
300 ## - Физическа характеристика
Страници 36 с.
Размери/Мащаб 17 см
380 ## - Жанр
Жанр Селско стопанство
490 ## - СЕРИИ (Колекции)
9 (RLIN) 206674
Име на серия Библиотека Наръчник на агитатора
650 #0 - Допълнително описание по предмет – тема
9 (RLIN) 319386
Основно описание – тема или топоним Птицевъдни ферми
653 #7 - Ключова дума – ненормативна
9 (RLIN) 194900
Ключова дума птицевъдство
852 ## - Местоположение
Форматна сигнатура Цб I 1910
Фондова буква Основен фонд - ползва се само за читалня
999 ## - СИСТЕМНИ КОНТРОЛНИ НОМЕРА
Koha biblionumber 444471
Koha biblioitemnumber 444471
942 ## - АРТИКУЛИ
Вид на библиотечния материал Книги
Скрит в OPAC Не
Периодичен библиозапис Да
944 ## - СЪЗДАВАНЕ И РЕДАКЦИЯ на ЗАПИСА
Създаване/Редакция Създаване
Дата на регистрацията/редакция 2022-02-10
Служител, извършил регистрацията/редакцията Христина Везирева
Наличности
Код за отписване Код за изгубен артикул Източник на класификационната схема Код за повреда Коз за рестрикции Код за отдаване Артикулен № Име на библиотеката - собственик Име на библиотеката, в която се намира в момента Статус (Текущо местоположение) Дата на вписване в системата Местоположение - отдел Цена в лева Инвентарен номер Систематично азбучна сигнатура Баркод Цена в евро Служебен тип на артикула
  Не е изгубен Universal Decimal Classification Не е повреден без рестрикции ползва се в читалня 871157 Регионална библиотека "Любен Каравелов" Русе Регионална библиотека "Любен Каравелов" Русе Основен фонд - ползва се само за читалня 2022-02-11 Хранилище 0.05 2711/58 Цб I 1910 900000025339 0.03 Книги
Vip Innovations Ltd, Rousse, Bulgaria 2025